La conquista de la tierra (Record no. 146491)
[ view plain ]
| 000 -LEADER | |
|---|---|
| campo de control de longitud fija | 00737nam a2200217 i 4500 |
| 001 - NÚMERO DE CONTROL | |
| campo de control | 146491 |
| 003 - IDENTIFICADOR DE NÚMERO DE CONTROL | |
| campo de control | ES-MaACL |
| 005 - FECHA Y HORA DE LA ÚLTIMA TRANSACCIÓN | |
| campo de control | 20230906201543.0 |
| 007 - CAMPO FIJO DE DESCRIPCIÓN FÍSICA--INFORMACIÓN GENERAL | |
| campo de control de longitud fija | t| |
| 008 - DATOS DE LONGITUD FIJA--INFORMACIÓN GENERAL | |
| campo de control de longitud fija | 070911s1943 sp ||||1| spa d |
| 080 ## - NÚMERO DE LA CLASIFICACIÓN DECIMAL UNIVERSAL | |
| Número de la Clasificación Decimal Universal | 911(022) |
| 100 1# - ENTRADA PRINCIPAL--NOMBRE DE PERSONA | |
| Nombre de persona | Treue, Wilhelm. |
| 9 (RLIN) | 111333 |
| 245 13 - MENCIÓN DEL TÍTULO | |
| Título | La conquista de la tierra |
| Resto del título | : tras las huellas de los grandes descubridores / |
| Mención de responsabilidad, etc. | Wilhelm Treue ; versión española por Francisco Payarols. |
| 260 ## - PUBLICACIÓN, DISTRIBUCIÓN, ETC. | |
| Lugar de publicación, distribución, etc. | Barcelona : |
| Nombre del editor, distribuidor, etc. | Labor, |
| Fecha de publicación, distribución, etc. | [1943?] |
| 300 ## - DESCRIPCIÓN FÍSICA | |
| Extensión | 548 p., con 23 map. I-XXXII de lám. : |
| Otras características físicas | il. ; |
| Dimensiones | 22 cm. |
| 490 1# - MENCIÓN DE SERIE | |
| Mención de serie | Colección libros de hoy |
| 700 1# - ENTRADA AGREGADA--NOMBRE PERSONAL | |
| Nombre de persona | Payarols, Francisco. |
| 9 (RLIN) | 89715 |
| 830 0# - PUNTO DE ACCESO ADICIONAL DE SERIE-TÍTULO UNIFORME | |
| Título uniforme | Colección libros de hoy |
| 9 (RLIN) | 182911 |
| 852 ## - LOCALIZACIÓN | |
| Ubicación | ES-MaACL |
| Número de control de estantería | F-16300 |
| Sublocalización o colección | R.21824 |
| Estatus retirado | Estado de pérdida | Estado de daño | No para préstamo | Biblioteca de origen | Biblioteca actual | Ubicación en estantería | Fecha de adquisición | Fuente de adquisición | Total de préstamos | Signatura topográfica completa | Código de barras | Visto por última vez | Precio de reemplazo | Tipo de ítem Koha |
|---|---|---|---|---|---|---|---|---|---|---|---|---|---|---|
| Biblioteca del Ateneo de Madrid | Biblioteca del Ateneo de Madrid | Sala Pecera Planta 2 | 17/01/2008 | F-16300 | 1152896 | 23/02/2023 | 23/02/2023 | Libro impreso |
